000 00878nam a2200217Ia 4500
001 18269
005 20260320152525.0
008 260306s9999||||xx |||||||||||||| ||und||
041 _aESP
082 _a658.402
_bG81
100 _aGriffin, Ricky W.
_eAUT
245 0 _aComportamiento organizacional:
_badministración de personas y organizaciones
260 _c2017
300 _axxvi, 611 páginas :
_c27 cm.
650 _aGEN
654 _aCAN
856 _uhttps://itmsp.museknowledge.com/UCSP?url=https://www.ebooks7-24.com:443/?il=3730&pg=1
_zVersión digital
856 _uhttps://0u213td9f-y-https-ebooks7--24-com.itmsp.museknowledge.com/biblioteca.aspx
_zVéase además: Base de datos Ebook7-24
856 _uhttps://0u20ftd9h-y-https-research-ebsco-com.itmsp.museknowledge.com/c/qxo6us/search
_zVéase además: Base de datos EBSCOhost
942 _cLIB
_dJUS
_fJUS
_2ddc
999 _c18269
_d18269